[Event "HUN-chT2 Toth 1415"]
[Site "Hungary"]
[Date "2014.10.12"]
[Round "3.4"]
[White "Banki H, Istvan"]
[Black "Agoston, Aron"]
[Result "0-1"]
[WhiteElo "2158"]
[BlackElo "2157"]
[PlyCount "108"]
[EventDate "2014.09.07"]
[EventType "team-tourn"]
[EventRounds "11"]
[EventCountry "HUN"]
[SourceTitle "EXT 2016"]
[Source "ChessBase"]
[SourceDate "2015.10.08"]
[SourceVersion "1"]
[SourceVersionDate "2015.10.08"]
[SourceQuality "1"]
[WhiteTeam "Oroshaza"]
[BlackTeam "Mako II"]
[WhiteTeamCountry "HUN"]
[BlackTeamCountry "HUN"]

1. e4 e5 2. Nf3 Nc6 3. Bc4 Bc5 4. b4 Bxb4 5. c3 Ba5 6. d4 exd4 7. 0-0 Nf6 8. e5 Ne4 9. Qd3 Nc5 10. Qe2 d3 11. Qe3 Bb6 12. Ba3 Qe7 13. Bxd3 d6 14. Re1 Nxe5 15. Nxe5 dxe5 16. Bxc5 Bxc5 17. Qxe5 Qxe5 18. Rxe5+ Be7 19. Bc4 Kf8 20. Nd2 Bf6 21. Re3 Bf5 22. Rf3 Bg6 23. Nb3 b6 24. h3 Rd8 25. a4 a5 26. Re1 h5 27. Nc1 h4 28. Ne2 Re8 29. Bb5 Rd8 30. Nf4 Bc2 31. Rfe3 g5 32. Re8+ Kg7 33. Rxh8 Kxh8 34. Ne2 Rd6 35. Rc1 Bb3 36. Rb1 Rd1+ 37. Rxd1 Bxd1 38. Nd4 Kg7 39. Kf1 Be5 40. Ke1 Bh5 41. Kd2 Bxd4 42. cxd4 Kf6 43. Ke3 Ke6 44. Bc4+ Kd6 45. g3 Bd1 46. Bxf7 Bxa4 47. f4 gxf4+ 48. Kxf4 hxg3 49. Kxg3 Bd1 50. Kf2 a4 51. Ke3 Bb3 52. Bxb3 axb3 53. Kd3 b2 54. Kc2 Kd5 0-1

[Event "HUN-chT2 Toth 1213"]
[Site "Hungary"]
[Date "2013.04.21"]
[Round "11.5"]
[White "Agoston, Aron"]
[Black "Szili, Istvan"]
[Result "1-0"]
[WhiteElo "2116"]
[BlackElo "1986"]
[PlyCount "49"]
[EventDate "2012.09.16"]
[EventType "team-tourn"]
[EventRounds "11"]
[EventCountry "HUN"]
[SourceTitle "EXT 2014"]
[Source "ChessBase"]
[SourceDate "2013.11.20"]
[SourceVersion "1"]
[SourceVersionDate "2013.11.20"]
[SourceQuality "1"]
[WhiteTeam "Mako II"]
[BlackTeam "Takisz"]
[WhiteTeamCountry "HUN"]
[BlackTeamCountry "HUN"]

1. e4 e6 2. d4 d5 3. Nd2 c5 4. exd5 Qxd5 5. Ngf3 cxd4 6. Bc4 Qd6 7. 0-0 Nf6 8. Nb3 Nc6 9. Nbxd4 Nxd4 10. Nxd4 a6 11. Re1 Be7 12. c3 0-0 13. Qf3 Nd5 14. Nf5 Qc7 15. Bxd5 exf5 16. Bf4 Bd6 17. Bxd6 Qxd6 18. Rad1 Qc7 19. Qg3 Qb6 20. Re7 Qf6 21. Qc7 f4 22. Rxf7 Rxf7 23. Bxf7+ Qxf7 24. Rd8+ Qf8 25. Qc4+ 1-0

[Event "HUN-chT2 Toth 1213"]
[Site "Hungary"]
[Date "2013.01.27"]
[Round "6.6"]
[White "Agoston, Aron"]
[Black "Marjanovic, Annamaria"]
[Result "1/2-1/2"]
[WhiteElo "2116"]
[BlackElo "1889"]
[PlyCount "87"]
[EventDate "2012.09.16"]
[EventType "team-tourn"]
[EventRounds "11"]
[EventCountry "HUN"]
[SourceTitle "EXT 2014"]
[Source "ChessBase"]
[SourceDate "2013.11.20"]
[SourceVersion "1"]
[SourceVersionDate "2013.11.20"]
[SourceQuality "1"]
[WhiteTeam "Mako II"]
[BlackTeam "Maroczy II"]
[WhiteTeamCountry "HUN"]
[BlackTeamCountry "HUN"]

1. e4 e5 2. Nf3 Nc6 3. d4 exd4 4. Nxd4 Nf6 5. Nc3 Bb4 6. Nxc6 bxc6 7. Bd3 d5 8. exd5 cxd5 9. 0-0 0-0 10. Bg5 c6 11. Qf3 Bd6 12. Rae1 Rb8 13. Nd1 h6 14. Bxf6 Qxf6 15. Qxf6 gxf6 16. b3 Bd7 17. Ne3 Bb4 18. Rd1 Rfe8 19. Bf5 Bxf5 20. Nxf5 Kh7 21. Rd3 Re4 22. Nd4 Rc8 23. c3 Bf8 24. Rfd1 a6 25. Kf1 Bc5 26. Rf3 Kg6 27. Ne2 Bb6 28. Nf4+ Kh7 29. Nd3 Re6 30. Nf4 Re5 31. g4 Rd8 32. Nh5 Kg6 33. Ng3 Bc7 34. Rd4 Rde8 35. Nf5 Re1+ 36. Kg2 Rh8 37. c4 Be5 38. Rd2 h5 39. Rh3 Kg5 40. f3 Bf4 41. Rc2 h4 42. Kf2 Re5 43. Kf1 a5 44. cxd5 1/2-1/2

[Event "Senta op-A 16th"]
[Site "Senta"]
[Date "2012.07.15"]
[Round "2"]
[White "Agoston, Aron"]
[Black "Nadj Hedjesi, Balind"]
[Result "0-1"]
[WhiteElo "2086"]
[BlackElo "2381"]
[PlyCount "36"]
[EventDate "2012.07.14"]
[EventType "swiss"]
[EventRounds "9"]
[EventCountry "SRB"]
[SourceTitle "CBM 149 Extra"]
[Source "ChessBase"]
[SourceDate "2012.08.24"]
[SourceVersion "1"]
[SourceVersionDate "2012.08.24"]
[SourceQuality "1"]

1. e4 c6 2. d4 g6 3. Bd3 d5 4. exd5 cxd5 5. Bf4 Nc6 6. c3 Bg7 7. Nd2 Nh6 8. Ngf3 0-0 9. 0-0 f6 10. Bxh6 Bxh6 11. Re1 Kh8 12. Nf1 Bg7 13. Nh4 e5 14. Nxg6+ hxg6 15. Bxg6 Bh6 16. Qh5 Kg7 17. Re3 Rh8 18. Rg3 Bg5 0-1

[Event "Senta op-A 16th"]
[Site "Senta"]
[Date "2012.07.14"]
[Round "1"]
[White "Ardeleanu, Alin"]
[Black "Agoston, Aron"]
[Result "1/2-1/2"]
[WhiteElo "2335"]
[BlackElo "2086"]
[PlyCount "150"]
[EventDate "2012.07.14"]
[EventType "swiss"]
[EventRounds "9"]
[EventCountry "SRB"]
[SourceTitle "CBM 149 Extra"]
[Source "ChessBase"]
[SourceDate "2012.08.24"]
[SourceVersion "1"]
[SourceVersionDate "2012.08.24"]
[SourceQuality "1"]

1. e4 e5 2. Nf3 Nc6 3. Nc3 Bb4 4. Nd5 Ba5 5. c3 d6 6. a4 Bb6 7. Bb5 Bd7 8. d3 Nb8 9. Bxd7+ Nxd7 10. a5 c6 11. axb6 cxd5 12. bxa7 dxe4 13. dxe4 Nc5 14. Be3 Qc7 15. Bxc5 Qxc5 16. Qa4+ Qc6 17. Qxc6+ bxc6 18. Nd2 Ne7 19. Ke2 Nc8 20. Ra6 Kd8 21. Rha1 Kc7 22. Nc4 Kb7 23. R6a4 Rd8 24. Rd1 f6 25. g3 Rxa7 26. Rxa7+ Kxa7 27. f4 exf4 28. gxf4 Kb7 29. h4 g6 30. Ne3 Kc7 31. Kf3 Nb6 32. h5 Nd7 33. Rg1 Nf8 34. hxg6 hxg6 35. Ng4 Nh7 36. Ra1 Kb6 37. Rh1 Rd7 38. Rh6 Rg7 39. Ne3 Kc7 40. Rh1 Rd7 41. Rg1 Nf8 42. Ra1 Kb7 43. Ng4 Rf7 44. Ne3 Rh7 45. Nc4 Rd7 46. Rh1 Kc7 47. Rh8 Rf7 48. Rg8 Kd7 49. Na5 Kc7 50. b4 Kb6 51. Nc4+ Kc7 52. Ne3 Kd7 53. Rh8 Kc7 54. Nc2 Kd7 55. Nd4 c5 56. bxc5 dxc5 57. Nc2 Ke8 58. Ne3 Rh7 59. Rxh7 Nxh7 60. Nd5 Kd7 61. Ne3 Ke6 62. Ke2 Nf8 63. Kd3 Nd7 64. Nc4 Nb8 65. Nd2 Nd7 66. Nf3 Nb6 67. Nh4 g5 68. f5+ Kd6 69. Nf3 Nd7 70. Ke2 Ne5 71. Nd2 Kc6 72. Nf1 Nc4 73. Kd3 Ne5+ 74. Ke2 Nc4 75. Nh2 Ne5 1/2-1/2

[Event "SRB Kadetski festival U18 6th"]
[Site "Vrnjacka Banja"]
[Date "2012.04.16"]
[Round "9"]
[White "Agoston, Aron"]
[Black "Djordjevic, Danilo"]
[Result "1-0"]
[WhiteElo "2028"]
[BlackElo "1965"]
[PlyCount "55"]
[EventDate "2012.04.10"]
[EventType "swiss"]
[EventRounds "9"]
[EventCountry "SRB"]
[SourceTitle "CBM 148 Extra"]
[Source "ChessBase"]
[SourceDate "2012.06.22"]
[SourceVersion "1"]
[SourceVersionDate "2012.06.22"]
[SourceQuality "1"]

1. e4 d5 2. exd5 Nf6 3. c4 c6 4. d4 cxd5 5. Nc3 Nc6 6. Nf3 Bg4 7. Be2 dxc4 8. d5 Bxf3 9. Bxf3 Ne5 10. 0-0 Qd7 11. Bf4 Nd3 12. Bg3 g5 13. b3 g4 14. Be2 b5 15. Bxd3 cxd3 16. Qxd3 b4 17. Nb5 Rc8 18. Rac1 Bh6 19. Rxc8+ Qxc8 20. Nc7+ Kf8 21. d6 e6 22. Be5 Bg7 23. Qd4 Qd8 24. Rd1 h5 25. d7 Rh6 26. Ne8 Qxd7 27. Qxd7 Nxd7 28. Bxg7+ 1-0

[Event "SRB Kadetski festival U18 6th"]
[Site "Vrnjacka Banja"]
[Date "2012.04.14"]
[Round "6"]
[White "Agoston, Aron"]
[Black "Vojinovic, Luka"]
[Result "1/2-1/2"]
[WhiteElo "2028"]
[BlackElo "1963"]
[PlyCount "48"]
[EventDate "2012.04.10"]
[EventType "swiss"]
[EventRounds "9"]
[EventCountry "SRB"]
[SourceTitle "CBM 148 Extra"]
[Source "ChessBase"]
[SourceDate "2012.06.22"]
[SourceVersion "1"]
[SourceVersionDate "2012.06.22"]
[SourceQuality "1"]

1. e4 c5 2. Nc3 Nc6 3. Nge2 Nf6 4. g3 d5 5. exd5 Nxd5 6. Bg2 e6 7. 0-0 Be7 8. Nxd5 exd5 9. d4 Bg4 10. dxc5 0-0 11. h3 Bxe2 12. Qxe2 Bxc5 13. Bf4 d4 14. Be4 Bd6 15. Bxd6 Qxd6 16. Qb5 Rae8 17. Bg2 Re7 18. Rad1 Rd8 19. Rd2 a6 20. Qb6 Ne5 21. Qxd6 Rxd6 22. b3 Red7 23. f4 Nc6 24. Rfd1 Kf8 1/2-1/2

[Event "SRB Kadetski festival U18 6th"]
[Site "Vrnjacka Banja"]
[Date "2012.04.12"]
[Round "4"]
[White "Jovanovic, Bojan P"]
[Black "Agoston, Aron"]
[Result "1/2-1/2"]
[WhiteElo "2155"]
[BlackElo "2028"]
[PlyCount "45"]
[EventDate "2012.04.10"]
[EventType "swiss"]
[EventRounds "9"]
[EventCountry "SRB"]
[SourceTitle "CBM 148 Extra"]
[Source "ChessBase"]
[SourceDate "2012.06.22"]
[SourceVersion "1"]
[SourceVersionDate "2012.06.22"]
[SourceQuality "1"]

1. d4 Nf6 2. c4 g6 3. Nc3 d5 4. Nf3 Bg7 5. Bg5 Ne4 6. cxd5 Nxg5 7. Nxg5 e6 8. Qd2 exd5 9. Qe3+ Kf8 10. Qf4 Bf6 11. h4 c6 12. 0-0-0 h6 13. Nf3 Be6 14. g4 Nd7 15. Bg2 Qb8 16. Qxb8+ Rxb8 17. g5 Be7 18. Rdg1 hxg5 19. hxg5 Kg7 20. e3 Rxh1 21. Bxh1 Rh8 22. Bg2 Bf5 23. Ne2 1/2-1/2

[Event "HUN-chT U18"]
[Site "Miskolc"]
[Date "2011.11.02"]
[Round "1.4"]
[White "Burinda, Gabor Jr"]
[Black "Agoston, Aron"]
[Result "0-1"]
[WhiteElo "1637"]
[BlackElo "2020"]
[PlyCount "72"]
[EventDate "2011.11.02"]
[EventType "team-swiss"]
[EventRounds "8"]
[EventCountry "HUN"]
[SourceTitle "EXT 2012"]
[Source "ChessBase"]
[SourceDate "2011.11.24"]
[SourceVersion "1"]
[SourceVersionDate "2011.11.24"]
[SourceQuality "1"]
[WhiteTeam "Kazincbarcika"]
[BlackTeam "Mako"]
[WhiteTeamCountry "HUN"]
[BlackTeamCountry "HUN"]

1. d4 Nf6 2. e3 g6 3. Bd3 d5 4. c4 Bg7 5. Nc3 c6 6. Bd2 0-0 7. c5 Qc7 8. f4 b6 9. b4 Bg4 10. Nf3 a5 11. Na4 bxc5 12. bxc5 Nbd7 13. h3 Bxf3 14. Qxf3 Rfb8 15. 0-0 Qa7 16. Rab1 Ne8 17. f5 Nef6 18. g4 Rxb1 19. Bxb1 Rf8 20. Bd3 e5 21. Qf2 g5 22. Rb1 Re8 23. Nb6 exd4 24. exd4 Ne4 25. Bxe4 Rxe4 26. Be3 Nxb6 27. cxb6 Qb7 28. f6 Bf8 29. Qg3 Re8 30. Bxg5 Bb4 31. Qc7 Qa6 32. b7 Qd3 33. b8Q Qxb1+ 34. Kg2 Qb2+ 35. Kf3 Qe2+ 36. Kg3 Be1+ 0-1

[Event "SRB-ch U18"]
[Site "Kragujevac"]
[Date "2011.04.25"]
[Round "2"]
[White "Radusinovic, Lazar"]
[Black "Agoston, Aron"]
[Result "1-0"]
[WhiteElo "2300"]
[BlackElo "2009"]
[PlyCount "61"]
[EventDate "2011.04.24"]
[EventType "swiss"]
[EventRounds "9"]
[EventCountry "SRB"]
[SourceTitle "CBM 142 Extra"]
[Source "ChessBase"]
[SourceDate "2011.06.27"]
[SourceVersion "1"]
[SourceVersionDate "2011.06.27"]
[SourceQuality "1"]

1. d4 Nf6 2. Nf3 g6 3. g3 Bg7 4. Bg2 0-0 5. 0-0 d5 6. c4 c6 7. cxd5 cxd5 8. Ne5 e6 9. Nc3 Bd7 10. Bg5 Nc6 11. Ng4 h5 12. Ne5 Qc8 13. Rc1 Nh7 14. Bf4 Qd8 15. e4 dxe4 16. Nxe4 Nxe5 17. dxe5 Bc6 18. b4 Qxd1 19. Rfxd1 Rfd8 20. h4 Kf8 21. Rxd8+ Rxd8 22. Nd6 Bxg2 23. Kxg2 b6 24. Rc7 f6 25. Nf7 Rd4 26. Bh6 Bxh6 27. Nxh6 Rxb4 28. Rxh7 fxe5 29. Rxa7 e4 30. Nf7 Rb2 31. Kf1 1-0

[Event "Senta January op"]
[Site "Senta"]
[Date "2011.02.06"]
[Round "7"]
[White "Korponai, Akos"]
[Black "Agoston, Aron"]
[Result "1-0"]
[WhiteElo "1562"]
[BlackElo "2017"]
[PlyCount "63"]
[EventDate "2011.01.21"]
[EventType "swiss"]
[EventRounds "9"]
[EventCountry "SRB"]
[SourceTitle "CBM 140 Extra"]
[Source "ChessBase"]
[SourceDate "2011.03.01"]
[SourceVersion "1"]
[SourceVersionDate "2011.03.01"]
[SourceQuality "1"]

1. e4 c5 2. Nf3 Nc6 3. d4 cxd4 4. Nxd4 Nf6 5. Nc3 e5 6. Ndb5 d6 7. Bg5 a6 8. Na3 b5 9. Nd5 Be7 10. Bxf6 Bxf6 11. c3 0-0 12. Nc2 Bg5 13. Be2 Be6 14. Nce3 Bxe3 15. Nxe3 Ne7 16. a4 bxa4 17. Rxa4 Qb6 18. Rb4 Qc6 19. 0-0 a5 20. Rb5 Rfb8 21. Rxb8+ Rxb8 22. Qc2 Qb6 23. Rb1 Ba2 24. Ra1 Qxb2 25. Rxa2 Qxc2 26. Nxc2 Rb1+ 27. Bf1 Nc6 28. Ra1 Rb2 29. Nb4 Nxb4 30. cxb4 Rxb4 31. Rxa5 g6 32. f3 1-0

[Event "Senta January op"]
[Site "Senta"]
[Date "2011.01.21"]
[Round "1"]
[White "Vilagos, Emil"]
[Black "Agoston, Aron"]
[Result "0-1"]
[WhiteElo "1575"]
[BlackElo "2017"]
[PlyCount "68"]
[EventDate "2011.01.21"]
[EventType "swiss"]
[EventRounds "9"]
[EventCountry "SRB"]
[SourceTitle "CBM 140 Extra"]
[Source "ChessBase"]
[SourceDate "2011.03.01"]
[SourceVersion "1"]
[SourceVersionDate "2011.03.01"]
[SourceQuality "1"]

1. e4 e5 2. Nf3 Nc6 3. Bc4 Bc5 4. c3 Nf6 5. d3 a6 6. 0-0 d6 7. Re1 0-0 8. Bg5 Na5 9. b4 Nxc4 10. bxc5 Na5 11. Qa4 Nc6 12. d4 Bg4 13. d5 Nb8 14. Nbd2 Nbd7 15. cxd6 cxd6 16. c4 Bxf3 17. Nxf3 Qc7 18. Bxf6 Nxf6 19. Rac1 Rfc8 20. Qb4 Nd7 21. Nd2 Nc5 22. Rc3 Qd7 23. Rb1 Rc7 24. Re3 f6 25. h3 Rb8 26. Nb3 Nxb3 27. Rexb3 Rc5 28. a4 Qc7 29. Rc1 b5 30. axb5 axb5 31. Rbb1 Rc8 32. Qd2 Rxc4 33. Rxc4 bxc4 34. f4 c3 0-1

[Event "Backa Topola-ch"]
[Site "Backa Topola"]
[Date "2010.12.01"]
[Round "7"]
[White "Komaromi, Sandor"]
[Black "Agoston, Aron"]
[Result "1/2-1/2"]
[WhiteElo "2015"]
[BlackElo "2011"]
[PlyCount "120"]
[EventDate "2010.11.17"]
[EventType "swiss"]
[EventRounds "9"]
[EventCountry "SRB"]
[SourceTitle "EXT 2019"]
[Source "ChessBase"]
[SourceDate "2018.10.10"]
[SourceVersion "1"]
[SourceVersionDate "2018.10.10"]
[SourceQuality "1"]

1. e4 c5 2. Bc4 Nc6 3. a3 Nf6 4. d3 e6 5. h3 d5 6. exd5 Nxd5 7. Ne2 Be7 8. 0-0 0-0 9. Nbc3 Nxc3 10. Nxc3 b6 11. Ne4 Bb7 12. Qh5 Nd4 13. c3 Nf5 14. Ng5 Bxg5 15. Bxg5 Qd7 16. Rfe1 Bd5 17. Rad1 Bxc4 18. dxc4 Qc6 19. Qe2 f6 20. Bf4 e5 21. Bc1 Rad8 22. Rd3 Qa4 23. Rxd8 Rxd8 24. f4 Qe8 25. fxe5 Qxe5 26. Qf1 Qg3 27. Bf4 Qd3 28. Qxd3 Rxd3 29. Kf2 Kf7 30. Ke2 Rd7 31. Rd1 Rxd1 32. Kxd1 Ke6 33. Ke2 Nd6 34. Kd3 g5 35. Be3 Nf7 36. b3 f5 37. g3 h6 38. Ke2 Nd6 39. h4 Kf6 40. Kd3 Ne4 41. hxg5+ hxg5 42. g4 Ke5 43. gxf5 Kxf5 44. b4 g4 45. a4 g3 46. a5 g2 47. bxc5 bxc5 48. a6 Ke5 49. Ke2 Nxc3+ 50. Kf3 Kd6 51. Kxg2 Nd1 52. Bf4+ Kc6 53. Kf3 Nb2 54. Bb8 Kb6 55. Ke4 Kxa6 56. Kd5 Nd3 57. Bc7 Kb7 58. Ba5 a6 59. Bd8 Kc8 60. Be7 Nb2 1/2-1/2

[Event "Backa Topola-ch"]
[Site "Backa Topola"]
[Date "2010.11.29"]
[Round "6"]
[White "Agoston, Aron"]
[Black "Scepanovic, Labud"]
[Result "1/2-1/2"]
[WhiteElo "2011"]
[BlackElo "2196"]
[PlyCount "133"]
[EventDate "2010.11.17"]
[EventType "swiss"]
[EventRounds "9"]
[EventCountry "SRB"]
[SourceTitle "EXT 2019"]
[Source "ChessBase"]
[SourceDate "2018.10.10"]
[SourceVersion "1"]
[SourceVersionDate "2018.10.10"]
[SourceQuality "1"]

1. e4 d5 2. exd5 Nf6 3. c4 c6 4. d4 cxd5 5. Nc3 Nc6 6. Nf3 Bg4 7. Be3 e6 8. c5 Be7 9. Be2 0-0 10. 0-0 Ne4 11. Rc1 Nxc3 12. Rxc3 Bf6 13. Qa4 Rc8 14. Rd1 a6 15. h3 Bh5 16. b4 Qe8 17. Qb3 h6 18. Rc2 Qe7 19. a4 Rfd8 20. b5 axb5 21. axb5 Nb8 22. Bf4 Qe8 23. Qb4 Be7 24. Qa5 f6 25. Rdc1 Bg6 26. Rc3 e5 27. dxe5 d4 28. Rc4 Bf7 29. Rxd4 Rxd4 30. Nxd4 fxe5 31. Bxe5 Rxc5 32. Rxc5 Bxc5 33. Qc7 Nd7 34. Nf3 b6 35. Bd3 Be6 36. Bg3 Qf8 37. Qc6 Qf7 38. Qa8+ Qf8 39. Qe4 Qf6 40. Bh4 Qf7 41. Ne5 Nxe5 42. Qxe5 Qd7 43. Qe4 Kf8 44. Qf3+ Qf7 45. Qxf7+ Kxf7 46. Kf1 Bd5 47. f4 Bd6 48. Bf2 Bc7 49. Be3 Bd8 50. g4 g6 51. Kf2 Be6 52. Bd4 h5 53. gxh5 gxh5 54. f5 Bd5 55. Kg3 Bb3 56. Be2 h4+ 57. Kg4 Bd5 58. Bf2 Bb3 59. Bxh4 Bxh4 60. Kxh4 Kf6 61. Kg4 Bc2 62. h4 Bxf5+ 63. Kf4 Bd7 64. h5 Kg7 65. Ke5 Kh8 66. Kd6 Bxb5 67. Bxb5 1/2-1/2

[Event "Backa Topola-ch"]
[Site "Backa Topola"]
[Date "2010.11.26"]
[Round "5"]
[White "Kumic, Filip"]
[Black "Agoston, Aron"]
[Result "1-0"]
[WhiteElo "2058"]
[BlackElo "2011"]
[PlyCount "137"]
[EventDate "2010.11.17"]
[EventType "swiss"]
[EventRounds "9"]
[EventCountry "SRB"]
[SourceTitle "EXT 2019"]
[Source "ChessBase"]
[SourceDate "2018.10.10"]
[SourceVersion "1"]
[SourceVersionDate "2018.10.10"]
[SourceQuality "1"]

1. d4 Nf6 2. c4 g6 3. Nc3 d5 4. cxd5 Nxd5 5. e4 Nxc3 6. bxc3 Bg7 7. Be3 0-0 8. Qd2 c5 9. Rc1 Qa5 10. Nf3 Nc6 11. d5 Rd8 12. Bd3 Bg4 13. c4 Nb4 14. Bb1 Bxf3 15. gxf3 Rac8 16. 0-0 e6 17. Qe2 Re8 18. f4 Qa6 19. Qd2 Red8 20. Rfd1 Qa3 21. Re1 Bb2 22. d6 f6 23. d7 Rc7 24. Qd6 Rcxd7 25. Qxe6+ Kg7 26. e5 Qa6 27. exf6+ Bxf6 28. Qxa6 Nxa6 29. Be4 b6 30. Rb1 Nc7 31. f5 g5 32. Kg2 h6 33. a4 Bc3 34. Re2 Rd1 35. Rxd1 Rxd1 36. h4 Kf6 37. hxg5+ hxg5 38. f4 g4 39. Bf2 Rd6 40. Bc2 a6 41. Bh4+ Kf7 42. Re7+ Kf8 43. Be4 Ne8 44. Bd5 Nf6 45. Re6 Rxe6 46. fxe6 Ke7 47. f5 Be5 48. Bb7 b5 49. cxb5 axb5 50. axb5 c4 51. Be4 Kd6 52. Bxf6 Bxf6 53. Kg3 Kc5 54. Kxg4 Kxb5 55. Kh5 Kc5 56. Kg6 Bd8 57. f6 Kd6 58. Kf7 Ke5 59. e7 Bxe7 60. fxe7 Kxe4 61. e8Q+ Kd3 62. Qe1 Kc2 63. Ke6 c3 64. Kd5 Kb2 65. Kc4 c2 66. Qc3+ Kb1 67. Qb3+ Ka1 68. Qa3+ Kb1 69. Kb3 1-0

[Event "Senta op-B 14th"]
[Site "Senta"]
[Date "2010.07.23"]
[Round "8"]
[White "Grbic, Branko"]
[Black "Agoston, Aron"]
[Result "1-0"]
[WhiteElo "1870"]
[BlackElo "2043"]
[PlyCount "67"]
[EventDate "2010.07.17"]
[EventType "swiss"]
[EventRounds "9"]
[EventCountry "YUG"]
[SourceTitle "EXT 2011"]
[Source "ChessBase"]
[SourceDate "2010.11.26"]
[SourceVersion "1"]
[SourceVersionDate "2010.11.26"]
[SourceQuality "1"]

1. e4 e5 2. Nf3 Nc6 3. d4 exd4 4. Bc4 Bc5 5. c3 Nf6 6. cxd4 Bb4+ 7. Bd2 Bxd2+ 8. Nbxd2 d5 9. exd5 Nxd5 10. 0-0 0-0 11. Rc1 Nce7 12. h3 c6 13. Re1 Bf5 14. Ne4 h6 15. Qb3 Nb6 16. Ne5 Nxc4 17. Nxc4 Bxe4 18. Rxe4 Qd7 19. Rce1 Nd5 20. Ne3 Nf6 21. Re5 Rfe8 22. Nf5 Rxe5 23. Rxe5 Nd5 24. Qg3 f6 25. Re7 Qxe7 26. Nxe7+ Nxe7 27. Qc7 Kf7 28. Qxb7 Rd8 29. Qxa7 Ke6 30. a4 Nf5 31. Qb7 Nxd4 32. a5 Rd7 33. Qb6 Kd5 34. b4 1-0